Il fiocco giallo

Salvato in:
Dettagli Bibliografici
Autore principale: Perth Mario
Natura: Libro
Lingua:lingua imprecisata
Pubblicazione: Mongardino (BO) Il fenicottero 1997
Tags: Aggiungi Tag
Nessun Tag, puoi essere il primo ad aggiungerne!!

MARC

LEADER 00000nam a2200000Ia 4500
001 165
003 NUMERAZIONE-ORIGINALE-BRESCIA
005 20260206230749.0
008 260206s9999 xx 000 0 und d
100 |a Perth Mario 
245 0 |a Il fiocco giallo 
260 |a Mongardino (BO) 
260 |b Il fenicottero 
260 |c 1997 
942 |2 ddc  |c BK  |n 0 
952 |0 0  |1 0  |2 ddc  |4 0  |6 16  |7 0  |9 28361  |a BS  |b BS  |d 2026-02-06  |i 165  |l 0  |o 1-6-*  |r 2026-02-06 22:40:33  |w 2026-02-06  |x [REVISIONARE]  |y BK 
999 |c 24046  |d 24046